| 000 | 00396nam a2200157 4500 | ||
|---|---|---|---|
| 001 | 44481 | ||
| 090 | _a44481 | ||
| 100 | _a20250521 pory50 | ||
| 101 |
_apor _aing |
||
| 102 | _aPT | ||
| 200 |
_aConfissões de uma mente perigosa _frealiz. George Clooney |
||
| 210 |
_a[S.l.] _cMiramax International _d[d. reg. 2003] |
||
| 215 | _a1 DVD | ||
| 675 | _a82-312.4 | ||
| 801 |
_aPT _gRPC |
||
| 990 | _cFILMES DVD | ||